000
00207nam a2200085Ia 4500
008
120527s9999 xx 000 0 und d
100
_a
Bierman & Gould
245
_a
Philosophy for a new genaration
942
_c
BK
999
_c
27751
_d
27751